Surface modification by a high power ion beam in accelerator "TEMP-4M"; Современные техника и технологии; Т. 3

Podrobná bibliografie
Parent link:Современные техника и технологии: сборник трудов XIX международной научно-практической конференции студентов, аспирантов и молодых ученых, Томск, 15-19 апреля 2013 г./ Национальный исследовательский Томский политехнический университет (ТПУ).— , 2013
Т. 3.— 2013.— [С. 114-115]
Hlavní autor: Tsurkan M. V.
Korporativní autor: Национальный исследовательский Томский политехнический университет (ТПУ) Физико-технический институт (ФТИ) Кафедра водородной энергетики и плазменных технологий (ВЭПТ)
Další autoři: Remnev G. E. Gennady Efimovich (научный консультант)
Shrnutí:Заглавие с титульного экрана
Jazyk:angličtina
Vydáno: 2013
Edice:Физические методы в науке и технике
Témata:
On-line přístup:http://www.lib.tpu.ru/fulltext/c/2013/C01/V3/056.pdf
Médium: MixedMaterials Elektronický zdroj Kapitola
KOHA link:https://koha.lib.tpu.ru/cgi-bin/koha/opac-detail.pl?biblionumber=244096

MARC

LEADER 00000naa2a2200000 4500
001 244096
005 20251229145103.0
035 |a (RuTPU)RU\TPU\book\265476 
035 |a RU\TPU\book\265470 
090 |a 244096 
100 |a 20131015d2013 k y0rusy50 ba 
101 0 |a eng 
102 |a RU 
135 |a drnn ---uucaa 
200 1 |a Surface modification by a high power ion beam in accelerator "TEMP-4M"  |f M. V. Tsurkan  |g sci. adv. G. E. Remnev 
203 |a Text  |c electronic 
225 1 |a Физические методы в науке и технике 
300 |a Заглавие с титульного экрана 
320 |a [Библиогр.: с. 115 (5 назв.)] 
337 |a Adobe Reader 
461 1 |0 (RuTPU)RU\TPU\book\263794  |t Современные техника и технологии  |o сборник трудов XIX международной научно-практической конференции студентов, аспирантов и молодых ученых, Томск, 15-19 апреля 2013 г.  |o в 3 т.  |f Национальный исследовательский Томский политехнический университет (ТПУ)   |d 2013 
463 1 |0 (RuTPU)RU\TPU\book\263799  |t Т. 3  |v [С. 114-115]  |d 2013 
610 1 |a труды учёных ТПУ 
610 1 |a электронный ресурс 
700 1 |a Tsurkan  |b M. V. 
702 1 |a Remnev  |b G. E.  |c physicist  |c Professor of Tomsk Polytechnic University, Doctor of technical sciences  |f 1948-  |g Gennady Efimovich  |4 695 
712 0 2 |a Национальный исследовательский Томский политехнический университет (ТПУ)  |b Физико-технический институт (ФТИ)  |b Кафедра водородной энергетики и плазменных технологий (ВЭПТ)  |3 (RuTPU)RU\TPU\col\18735 
801 2 |a RU  |b 63413507  |c 20220316  |g RCR 
856 4 |u http://www.lib.tpu.ru/fulltext/c/2013/C01/V3/056.pdf 
942 |c BK